1844 1434 1518 1776 1179 1216 1427 1694 1150 1024 1048 1307 1654 1337 1215 1126 1877 1658 1357 1098 1143 1283 1512 1696 1369 1584 1660 1399 1681 1761 1537 1955 1447 1808 1046 1340 1219 1759 1600 1395 1175 1385 1871 1149 1521 1447 1796 1470 1013 1046 1183 1249 1008 1135 1463 1577 1510 1474 1747 1932 1532 1325 1780 1571 1073 1854 1003 1661 1111 1622 1326 1212 1161 1216 1309 1177 1525 1169 1297 1098 1358 1628 1055 1375 1084 1740 1196 1246 1639 1267 1610 1789 1947 1440 1699 1615 1490 1420 1531 BCNSPRNW ULIB Ver.6.0+V

เปลี่ยนเป็นภาษาไทย

Change to English
 แสดงรายละเอียดบรรณานุกรม
  กลับหน้าหลัก

Brief Record : Get Marc (ISO 2709) : E-mail record : QR code < ปิดหน้าต่าง
LEADER : 00000nam 2200000uu 4500
001    13399122528
003     ULIB
008    110913s2555||||th 000 0 tha d
020    9786167431840
050  4 BQ358^bพ358ธ
100 0  พระมหาสมปอง ตาลปุตโต
245 10 ธรรมะ Back Pack /^cพระมหาสมปอง ตาลปุตโต
260    กรุงเทพฯ :^bแอปเปิ้ลกรีน,^c2555
300    176 หน้า
650  7 ธรรมะ^xรวมเรื่อง
650  7 เทศนา
650  7 พุทธศาสนา
945    ^p195^l0^i19981
945    ^p195^l0^i20134
995    ทศพร
999    ^aใช้งานได้ทุกระบบ
รายการนี้ยังไม่มีแท็ก
คุณยังไม่ได้ล็อกอิน คุณสามารถมีกิจกรรมร่วมกับเว็บไซต์ได้ แต่ต้องล็อกอินก่อน ::
  ล็อกอิน

รายการสื่อสารสนเทศ

ลำดับที่ ประเภท เลขเรียก/บาร์โค้ด สถานที่ สถานะ
1. การศึกษาทั่วไป
การศึกษาทั่วไป
BQ358 พ358ธ ฉ.1 
  Barcode: 19981
ห้องสมุดวิทยาเขตสวรรค์ประชารักษ์
►หนังสือทั่วไป
บนชั้น
2. การศึกษาทั่วไป
การศึกษาทั่วไป
BQ358 พ358ธ ฉ.2 
  Barcode: 20134
ห้องสมุดวิทยาเขตนครสวรรค์
►หนังสือทั่วไป:l:General Books
บนชั้น

รายการใกล้เคียง
    ผู้แต่ง [พระมหาสมปอง ตาลปุตโต]

    หัวเรื่อง [เทศนา]
    หัวเรื่อง [พุทธศาสนา]

BibComment


ยังไม่เคยถูกคอมเมนท์

คอมเมนท์ทรัพยากรรายการนี้
  คอมเมนท์: ธรรมะ Back Pack ..


 Copyright 2026. Bcnsprnw @Library